| Tag |
First Indicator |
Second Indicator |
Subfields |
| LEADER |
00000cam a2200000 4500 |
| 001 |
in00000037088 |
| 005 |
20151007070414.0 |
| 008 |
750318s1966 enkaf 00010 eng u |
| 010 |
|
|
|a 66076938
|
| 035 |
|
|
|a (OCoLC)01221338
|
| 035 |
|
|
|9 AAE3951AM
|
| 040 |
|
|
|c AMH
|d TXA
|d UtOrBLW
|
| 049 |
|
|
|a TXAM
|c [461151]
|
| 050 |
0 |
0 |
|a QB477
|b .S6 1966
|
| 082 |
0 |
|
|a 523.016
|
| 092 |
|
|
|a 523.016
|b S647r, 1966
|
| 100 |
1 |
|
|a Graham-Smith, Francis,
|d 1923-
|
| 245 |
1 |
0 |
|a Radio astronomy /
|c [by] F. Graham Smith; text figures drawn by Ronald Dickens.
|
| 250 |
|
|
|a Revised ed.
|
| 264 |
|
1 |
|a Harmondsworth :
|b Penguin,
|c 1966.
|
| 300 |
|
|
|a 272 pages :
|b 16 plates, tables, diagrams ;
|c 19 cm.
|
| 336 |
|
|
|a text
|b txt
|2 rdacontent
|
| 337 |
|
|
|a unmediated
|b n
|2 rdamedia
|
| 338 |
|
|
|a volume
|b nc
|2 rdacarrier
|
| 490 |
0 |
|
|a Pelican books, A479
|
| 650 |
|
0 |
|a Radio astronomy.
|
| 999 |
|
|
|a MARS
|
| 999 |
f |
f |
|s 566fb97c-09ba-3e96-aaa3-d4ad1ebc668f
|i dc83184f-2139-3bd1-b0b0-f14da916477d
|t 0
|
| 952 |
f |
f |
|p normal
|a Texas A&M University
|b College Station
|c Sterling C. Evans Library
|d Evans: Library Stacks
|t 0
|e QB477 .S6 1966
|h Library of Congress classification
|i unmediated -- volume
|m A14800900647
|
| 998 |
f |
f |
|a QB477 .S6 1966
|t 0
|l Evans: Library Stacks
|